Normal view
MARC view
- United States
Entry Geographic Name
001 - CONTROL NUMBER
- control field: 97279
003 - CONTROL NUMBER IDENTIFIER
- control field: NUST
005 - DATE AND TIME OF LATEST TRANSACTION
- control field: 20220815170512.0
008 - FIXED-LENGTH DATA ELEMENTS
- fixed length control field: 220815|| aca||aabn | a|a d
040 ## - CATALOGING SOURCE
- Original cataloging agency: NUST
- Transcribing agency: NUST
151 ## - HEADING--GEOGRAPHIC NAME
- Geographic name: United States
- General subdivision: History
- Chronological subdivision: Civil War, 1861-1865
- General subdivision: Causes
670 ## - SOURCE DATA FOUND
- Source citation: Work cat.: (NUST)0: Brands, H. W., author. 97274, The zealot and the emancipator :
